[Event "Cologne Longerich op-B 13th"]
[Site "Cologne"]
[Date "2016.08.14"]
[Round "4"]
[White "Kolbasnikov, Igor"]
[Black "Liebsch, Ulrich"]
[Result "0-1"]
[WhiteElo "1475"]
[BlackElo "1777"]
[PlyCount "64"]
[EventDate "2016.08.12"]
[EventType "swiss"]
[EventRounds "5"]
[EventCountry "GER"]
[SourceTitle "EXT 2022"]
[Source "ChessBase"]
[SourceDate "2021.10.06"]
[SourceVersion "1"]
[SourceVersionDate "2021.10.06"]
[SourceQuality "1"]

1. e4 c5 2. d4 cxd4 3. c3 dxc3 4. Nxc3 Nc6 5. Nf3 d6 6. Bc4 e6 7. 0-0 Nf6 8. Qe2 Be7 9. Rd1 a6 10. e5 Nd7 11. exd6 Bf6 12. Nd5 0-0 13. Nxf6+ Nxf6 14. b3 b5 15. Bd3 Bb7 16. Bg5 h6 17. Bh4 Nb4 18. Bb1 Nbd5 19. d7 Nf4 20. Qc2 Ng6 21. Bg3 Nxd7 22. Ne5 Bd5 23. Nxg6 fxg6 24. Qxg6 Qf6 25. Qh5 Rac8 26. Bh4 Qf4 27. Rf1 Rc1 28. Bh7+ Kxh7 29. Raxc1 Rf5 30. Bg3 Qe4 31. Qh3 Rh5 32. Rce1 Qg6 0-1

[Event "Cologne Longerich op-B 11th"]
[Site "Cologne"]
[Date "2014.08.02"]
[Round "2"]
[White "Kolbasnikov, Igor"]
[Black "Mersch, Peter Daniel"]
[Result "1/2-1/2"]
[WhiteElo "1393"]
[BlackElo "1542"]
[PlyCount "23"]
[EventDate "2014.08.01"]
[EventType "swiss"]
[EventRounds "5"]
[EventCountry "GER"]
[SourceTitle "EXT 2022"]
[Source "ChessBase"]
[SourceDate "2021.10.06"]
[SourceVersion "1"]
[SourceVersionDate "2021.10.06"]
[SourceQuality "1"]

1. e4 e5 2. Nf3 Nc6 3. d4 exd4 4. Bc4 Nf6 5. Ng5 Ne5 6. Bb3 h6 7. f4 hxg5 8. fxe5 Nxe4 9. 0-0 d5 10. exd6 Nxd6 11. Qf3 Be6 12. Re1 1/2-1/2

[Event "Cologne Longerich op 09th"]
[Site "Cologne"]
[Date "2012.08.05"]
[Round "5"]
[White "Sewald, Richard"]
[Black "Kolbasnikov, Igor"]
[Result "1/2-1/2"]
[WhiteElo "1096"]
[BlackElo "1414"]
[PlyCount "31"]
[EventDate "2012.08.03"]
[EventType "tourn"]
[EventRounds "5"]
[EventCountry "GER"]
[SourceTitle "EXT 2017"]
[Source "ChessBase"]
[SourceDate "2016.10.25"]
[SourceVersion "1"]
[SourceVersionDate "2016.10.25"]
[SourceQuality "1"]

1. e4 e5 2. Nf3 Nc6 3. Bc4 Nd4 4. Nxd4 exd4 5. c3 Bc5 6. 0-0 Ne7 7. cxd4 Bxd4 8. Nc3 0-0 9. Ne2 Bf6 10. d4 d5 11. exd5 Nxd5 12. Bxd5 Qxd5 13. Bf4 c6 14. Re1 Bg4 15. f3 Be6 16. Be3 1/2-1/2